Thiết Kế Cơ Khí - Điện tử và mô phỏng với Catia và Visual Nastran : Giáo trình thực hành CAD-CAM

Kaydedildi:
Detaylı Bibliyografya
Yazar: Thanh Tâm
Materyal Türü: Sách
Dil:Undetermined
Baskı/Yayın Bilgisi: Hồng Đức 2010
Konular:
Etiketler: Etiketle
Etiket eklenmemiş, İlk siz ekleyin!
Thư viện lưu trữ: Trung tâm Thư viện - Trường Đại học Công nghiệp TP. Hồ Chí Minh
LEADER 00566nam a2200157Ia 4500
001 UIH_00288
008 230809s9999 xx 000 0 und d
082 |a 621.815 
100 |a Thanh Tâm 
245 0 |a Thiết Kế Cơ Khí - Điện tử và mô phỏng với Catia và Visual Nastran : Giáo trình thực hành CAD-CAM 
245 0 |c Thanh Tâm 
260 |b Hồng Đức 
260 |c 2010 
650 |a Thiết kế máy; 
927 |a Sách 
980 |a Trung tâm Thư viện - Trường Đại học Công nghiệp TP. Hồ Chí Minh